Statistics for Pokemon Gen.1 Gym Leaders

Click here to take the quiz!

General Stats

  • This quiz has been taken 499 times
  • The average score is 7 of 8

Answer Stats

HintAnswer% Correct
RockPewter CityBoulder BadgeBrock
100%
WaterCerulean CityCascade BadgeMisty
99%
ElectricVermilion CityThunder BadgeLt. Surge
90%
PsychicSaffron CityMarsh BadgeSabrina
85%
GroundViridian CityEarth BadgeGiovanni
82%
PoisonFuchsia CitySoul BadgeKoga
81%
FireCinnibar IslandVolcano BadgeBlaine
78%
GrassCeladon CityRainbow BadgeErika
78%

Score Distribution

Percentile by Number Answered

Percent of People with Each Score

Your Score History

You have not taken this quiz